Las campañas electorales o la política como mercado /

Se refiere a que en El Salvador los partidos políticos han comenzado a asumir lentamente la competencia por el voto de los ciudadanos como una ralidad de mercado. En la década de los setenta, la exclusión de competidores de izquierda y el fraude impidieron el desarrollo de la lógica del mercado en l...

Celý popis

Uloženo v:
Podrobná bibliografie
Hlavní autor: González, Luis Armando
Médium: Text
Témata:
Tagy: Přidat tag
Žádné tagy, Buďte první, kdo vytvoří štítek k tomuto záznamu!

MARC

LEADER 00000 a a2200000 04500
001 5158
003
040
100 |a González, Luis Armando  
245 |a Las campañas electorales o la política como mercado /  |c Luis Armando González 
520 |a Se refiere a que en El Salvador los partidos políticos han comenzado a asumir lentamente la competencia por el voto de los ciudadanos como una ralidad de mercado. En la década de los setenta, la exclusión de competidores de izquierda y el fraude impidieron el desarrollo de la lógica del mercado en la política. Durante los ochenta, a pesar de que esa lógica comenzó a ganar espacio, la guerra civil y la exclusión de la izquierda no permitieron su avance. Después de la firma de los acuerdos de paz, las cosas comenzaron a cambiar notablemente y en 1994 hubo un ejercicio de competencia entre los principales proyectos ideológico-políticos (la izquierda, el centro y la derecha) y de alguna manera los competidores se asumieron como tales: como vendedores de proyectos político económicos. REV/LCL  
650 |a POLITICA  
650 |a ASPECTOS POLITICOS  
650 |a PARTIDOS POLITICOS  
773 |g volumen 53, número 595 -596; páginas 517-520  
999 |c 37835  |d 37835